[Event "Titled Tuesday intern op 23rd Nov"]
[Site "Chess.com INT"]
[Date "2021.11.23"]
[Round "10"]
[White "Bruned, Boris"]
[Black "Ianov, Viktor"]
[Result "1/2-1/2"]
[WhiteElo "2133"]
[BlackElo "2279"]
[PlyCount "88"]
[EventDate "2021.11.23"]
[EventType "swiss (blitz)"]
[EventRounds "11"]
[EventCountry "USA"]
[SourceTitle "CBM 205 Extra"]
[Source "ChessBase"]
[SourceDate "2022.01.31"]
[SourceVersion "1"]
[SourceVersionDate "2022.01.31"]
[SourceQuality "1"]

1. b3 Nf6 2. Bb2 g6 3. Bxf6 exf6 4. c4 Bg7 5. Nc3 f5 6. g3 0-0 7. Bg2 d6 8. e3 Nd7 9. Nge2 Nf6 10. d4 Re8 11. 0-0 c6 12. Qd3 a6 13. b4 Bd7 14. a4 a5 15. b5 h5 16. h4 Qe7 17. Nf4 Ne4 18. Rab1 Rab8 19. Rb2 Nxc3 20. Qxc3 c5 21. Nd5 Qd8 22. Qd3 cxd4 23. exd4 Rc8 24. Rc2 Be6 25. Re2 g5 26. hxg5 Qxg5 27. Nb6 Rcd8 28. Qe3 Qf6 29. d5 Bd7 30. Nxd7 Qg6 31. Qxe8+ Rxe8 32. Rxe8+ Kh7 33. Nf8+ Bxf8 34. Rxf8 h4 35. Rb8 hxg3 36. fxg3 Qxg3 37. Rxb7 Qe3+ 38. Kh1 Qh6+ 39. Kg1 Qe3+ 40. Kh2 Qh6+ 41. Bh3 Qd2+ 42. Bg2 Qh6+ 43. Kg3 Qg5+ 44. Kh2 Qh6+ 1/2-1/2

[Event "Titled Tuesday intern op 16th Nov"]
[Site "Chess.com INT"]
[Date "2021.11.16"]
[Round "5"]
[White "Bruned, Boris"]
[Black "Gubajdullin, Alexey"]
[Result "0-1"]
[WhiteElo "2133"]
[BlackElo "2314"]
[PlyCount "78"]
[EventDate "2021.11.16"]
[EventType "swiss (blitz)"]
[EventRounds "11"]
[EventCountry "USA"]
[SourceTitle "CBM 205 Extra"]
[Source "ChessBase"]
[SourceDate "2022.01.31"]
[SourceVersion "1"]
[SourceVersionDate "2022.01.31"]
[SourceQuality "1"]

1. b3 Nf6 2. Bb2 e6 3. e3 Be7 4. Nf3 0-0 5. Be2 c5 6. 0-0 Nc6 7. d4 b6 8. c4 cxd4 9. Nxd4 Bb7 10. Nc3 Ne5 11. Nf3 Ng6 12. Qd4 Bc5 13. Qd2 Qe7 14. a3 d5 15. b4 Bd6 16. Rfd1 Rfd8 17. cxd5 Nxd5 18. Nxd5 Bxd5 19. Qd4 f6 20. Qg4 Rac8 21. Rac1 Rxc1 22. Rxc1 e5 23. Bc4 Qf7 24. Bxd5 Qxd5 25. Qc4 Qxc4 26. Rxc4 Bxb4 27. g3 Bd6 28. a4 Ne7 29. Nd2 Rc8 30. Rxc8+ Nxc8 31. Nc4 Bc5 32. f4 e4 33. Kf2 Nd6 34. Nd2 f5 35. h3 g6 36. g4 Kf7 37. Be5 Nb7 38. Ke2 Ke6 39. Bb8 a6 0-1

[Event "Titled Tuesday intern op 16th Nov"]
[Site "Chess.com INT"]
[Date "2021.11.16"]
[Round "7"]
[White "Bruned, Boris"]
[Black "Krush, Irina"]
[Result "0-1"]
[WhiteElo "2133"]
[BlackElo "2421"]
[PlyCount "40"]
[EventDate "2021.11.16"]
[EventType "swiss (blitz)"]
[EventRounds "11"]
[EventCountry "USA"]
[SourceTitle "CBM 205 Extra"]
[Source "ChessBase"]
[SourceDate "2022.01.31"]
[SourceVersion "1"]
[SourceVersionDate "2022.01.31"]
[SourceQuality "1"]

1. b3 e5 2. Bb2 Nc6 3. e3 Nf6 4. Bb5 Bd6 5. Bxc6 dxc6 6. d3 0-0 7. Nd2 Qe7 8. Ngf3 b5 9. a4 Bg4 10. h3 Bd7 11. 0-0 Nd5 12. Ra2 f5 13. Qa1 Nb4 14. Nxe5 Bxe5 15. Bxe5 Nxa2 16. Qxa2 Qxe5 17. axb5 cxb5 18. Nf3 Qd6 19. Nd4 c5 20. Nf3 Kh8 0-1

[Event "Titled Tuesday intern op 16th Nov"]
[Site "Chess.com INT"]
[Date "2021.11.16"]
[Round "3"]
[White "Bruned, Boris"]
[Black "Pourkashiyan, Atousa"]
[Result "1-0"]
[WhiteElo "2133"]
[BlackElo "2322"]
[PlyCount "71"]
[EventDate "2021.11.16"]
[EventType "swiss (blitz)"]
[EventRounds "11"]
[EventCountry "USA"]
[SourceTitle "CBM 205 Extra"]
[Source "ChessBase"]
[SourceDate "2022.01.31"]
[SourceVersion "1"]
[SourceVersionDate "2022.01.31"]
[SourceQuality "1"]

1. b3 d5 2. Bb2 Nc6 3. e3 Nf6 4. Bb5 Bd7 5. Nf3 e6 6. 0-0 Bd6 7. Bxc6 Bxc6 8. Ne5 0-0 9. d3 Bxe5 10. Bxe5 Qd7 11. Nd2 a5 12. a4 Qd8 13. f4 Nd7 14. Bb2 f6 15. Nf3 Re8 16. Nd4 Nf8 17. Nxc6 bxc6 18. e4 d4 19. Qe2 e5 20. f5 c5 21. g4 Rb8 22. Ba3 Qd6 23. Qd2 Qb6 24. Rf2 Red8 25. Rg2 Nd7 26. g5 fxg5 27. Qxg5 Nf6 28. Bxc5 Qxc5 29. Qxf6 Qf8 30. Qxe5 Kh8 31. Kh1 Rb6 32. Rag1 Rf6 33. Rxg7 Re8 34. Rg8+ Qxg8 35. Qxf6+ Qg7 36. Qxg7# 1-0

[Event "Titled Tuesday intern op 16th Nov"]
[Site "Chess.com INT"]
[Date "2021.11.16"]
[Round "6"]
[White "Gurevich, Dmitry"]
[Black "Bruned, Boris"]
[Result "1-0"]
[WhiteElo "2370"]
[BlackElo "2133"]
[PlyCount "111"]
[EventDate "2021.11.16"]
[EventType "swiss (blitz)"]
[EventRounds "11"]
[EventCountry "USA"]
[SourceTitle "CBM 205 Extra"]
[Source "ChessBase"]
[SourceDate "2022.01.31"]
[SourceVersion "1"]
[SourceVersionDate "2022.01.31"]
[SourceQuality "1"]

1. d4 b6 2. c4 Bb7 3. Nc3 e6 4. a3 Nf6 5. d5 exd5 6. cxd5 Bd6 7. g3 0-0 8. Bg2 Qe7 9. Nh3 a5 10. 0-0 Na6 11. e4 Nc5 12. Re1 Rfe8 13. f4 c6 14. e5 Nxd5 15. Nxd5 cxd5 16. Bxd5 Bxd5 17. Qxd5 Bc7 18. Be3 d6 19. Bxc5 bxc5 20. exd6 Qxd6 21. Rxe8+ Rxe8 22. Qxd6 Bxd6 23. Rd1 Bf8 24. Kf2 c4 25. Rc1 Rb8 26. Rc2 Rb3 27. Ng5 h6 28. Ne4 f5 29. Nc3 Bc5+ 30. Ke2 Bd4 31. Na4 Bf6 32. Kd2 Kf7 33. Kc1 Ke6 34. Rxc4 Rf3 35. Rc2 Rf1+ 36. Kd2 Rf2+ 37. Kd3 Rf3+ 38. Kc4 Rf1 39. Nc5+ Kd6 40. Nb7+ Ke7 41. Nxa5 g5 42. fxg5 hxg5 43. Nc6+ Ke6 44. b4 f4 45. gxf4 gxf4 46. Nd4+ Ke5 47. Re2+ Kd6 48. Re6+ Kd7 49. Rxf6 f3 50. Rxf3 Rh1 51. h3 Rc1+ 52. Kd5 Rh1 53. b5 Rb1 54. Rf7+ Ke8 55. Ra7 Rh1 56. Ke6 1-0

[Event "Titled Tuesday intern op 16th Nov"]
[Site "Chess.com INT"]
[Date "2021.11.16"]
[Round "2"]
[White "Migot, Tangi"]
[Black "Bruned, Boris"]
[Result "0-1"]
[WhiteElo "2353"]
[BlackElo "2133"]
[PlyCount "76"]
[EventDate "2021.11.16"]
[EventType "swiss (blitz)"]
[EventRounds "11"]
[EventCountry "USA"]
[SourceTitle "CBM 205 Extra"]
[Source "ChessBase"]
[SourceDate "2022.01.31"]
[SourceVersion "1"]
[SourceVersionDate "2022.01.31"]
[SourceQuality "1"]

1. c4 b6 2. Nc3 Bb7 3. e4 e5 4. Nf3 Nc6 5. Bd3 Bc5 6. 0-0 Nge7 7. Nd5 0-0 8. Rb1 a5 9. a3 Nxd5 10. cxd5 Nd4 11. Nxe5 Qe8 12. Nf3 f5 13. Nxd4 fxe4 14. Nb5 exd3 15. b4 axb4 16. axb4 Bd6 17. Nxd6 cxd6 18. Qb3 Qe4 19. f3 Qd4+ 20. Kh1 Bxd5 21. Qb2 Qxb2 22. Bxb2 Rfe8 23. Rfe1 Re2 24. Bc3 Rae8 25. Rxe2 Rxe2 26. Kg1 g5 27. Kf1 g4 28. fxg4 Bxg2+ 29. Kg1 Bh3 30. g5 Rg2+ 31. Kh1 Rxg5 32. Rg1 Rxg1+ 33. Kxg1 Bg4 34. Kf2 Kf7 35. Ke3 Be2 36. Kd4 b5 37. Kd5 Ke7 38. Bd4 Bf3# 0-1